000 00808nam a2200229 i 4500
001 146809
003 ES-MaACL
005 20250928115211.0
007 t|
008 070918s1966 sp ||||1| spa d
080 _a92(Solovief, Vladimir)
080 _a92(Teilhard de Chardin, Pierre)
100 1 _aTruhlar, Karel Vladimir.
_9111558
245 1 0 _aSolovjev y Teilhard
_b: poesía y experencia religiosa /
_cKarel Vladimir Truhlar ; [traducido por Eustaquio Barjau].
260 _aMadrid :
_bRazón y Fe,
_c[1966]
300 _a170 p. ;
_c20 cm.
600 1 7 _aSolov'iov, Vladimir Sergueevich,
_d1853-1900
_2
_9140456
600 1 4 _aTeilhard de Chardin, Pierre,
_d1881-1955
_9109521
700 1 _aBarjau, Eustaquio.
_925665
852 _aES-MaACL
_jC-30630
_bR.70219
999 _c146809
_d146809